000 00375nam a2200145Ia 4500
008 230711s9999||||xx |||||||||||||| ||und||
041 _aENG
082 _a4
_bKU-O
100 _aKurzban,Stanley A
245 0 _aOperating system principles
250 _a2nd
260 _c1986
_aNew Delhi
_bCBS Publishers & Distributors Pvt.Ltd
650 _aComputer Engineering
942 _cBK
999 _c1383
_d1383